000 01590cam a22004694i 4500
003 PE-LiUPU
005 20250731173523.0
008 150616s r 000 0 d
020 _a0801063027
035 _a(Sirsi) i9780801063022
040 _aPE-LiUPU
_bspa
_cPE-LiUPU
_erda
049 _aPRUA
082 0 4 _a253
_bM34
_221
100 1 _aMeans, James E.,
_eautor.
245 1 0 _aEffective Pastors for a New Century.
264 1 _aMichigan :
_bBaker Books,
_c1995.
300 _a239 páginas ;
_c23 centímetros
336 _atext
_2rdacontent
337 _aunmediated
_2rdamedia
338 _avolume
_2rdacarrier
504 _aIncluye bibliografía.
505 0 _aWhat's it going to take?.- Syncretism. pluralism, eclecticism: what a ride!.- Ministry mutants or ministry models.- Imaginereering in ministry.- Transform of perish.
526 _aSEG42
526 _aSEG41
526 _aSEG40
526 _aSEG39
526 _aP94
526 _aP87
526 _aP86
526 _aP85
526 _aP77
526 _aP76
526 _aP35
650 0 4 _aPASTORES (RELIGION) - OBRAS.
910 _ajck
_bjvq
_cjck
942 _2ddc
_cBOOK
949 _a253 M34
_wDEWEY
_c1
_i42125
_lCCODEBUL1
_mBUL
_r0
_sY
_tBOOK
_u2015-6-16
_xTEOLOGIA
_zUNKNOWN
_0COMPRA
_o.STAFF. Colección General
994 _aC0
_bPEPRU
596 _a1
999 _a253 M34
_wDEWEY
_c59818
_i42125
_f2021-11-10
_g5
_lCCODEBUL1
_mBUL
_r0
_sY
_tBOOK
_u2015-6-16
_xTEOLOGIA
_zUNKNOWN
_0COMPRA
_o.STAFF. Colección General
_d59818
980 _81
_gALBERTO SANCHEZ Responsable de Automatización